| 000 | 00520ntaaa2200181 4500 | ||
|---|---|---|---|
| 003 | 01 | ||
| 005 | 20251027201205.0 | ||
| 008 | 0714s1973 ag 01 | ||
| 040 |
_aAR-BaBN _bspa _cAR-BaBN _eaacr _dRIC |
||
| 082 | _a220.52 N52c | ||
| 100 |
_aBiblia. Inglés. Autorizada. 1955 _99790 |
||
| 245 |
_aThe compact Bible / _cBiblia. Inglés. Autorizada. 1955, Margaret Nicholson |
||
| 250 | _a1 ed. | ||
| 260 |
_aNY : _bHawthorn Books, _cc1955 |
||
| 300 |
_a504 p. ; _c19 cm |
||
| 700 |
_aNicholson, Margaret _99791 |
||
| 942 | _cBK | ||
| 999 |
_c6182 _d6182 |
||